000 00536nam a2200181Ia 4500
005 20250326124347.0
008 250326s9999 xx 000 0 und d
037 _aTextbook
040 _aFMSL
_beng
_cFMSL
041 _aeng
_2eng
084 _aX:74 J9
_qFMSL
100 _aAgarwala A N
_9122401
245 0 _aNew conception of business education
_cAgarwala A N
260 _aAllahabad
_bAllahabad, Available From Head Of Commerce Department
_c1959
300 _a71p
942 _cTB
_hX:74 J9
999 _c1273426
_d1273426